000 00908cam a22002897a 4500
003 CHAP
005 20220817042230.0
008 971013s r 00010 d
010 _a38273
011 _a39245
035 _a43365
040 _cCHAP
090 _aR-1201
100 0 0 _aPearse, Harold L.
_986413
245 1 4 _aThe effect of nutrition and phytohormones on the rooting of vine cuttings
500 _aSobretiro de: Annals of Botany. n.s. 7(26):124-132, 1943.
590 _aBATCH-UPD
_b10
_c20130110
_lUCH01
_h0105
590 _aBATCH-UPD
_b10
_c20130110
_lUCH01
_h1552
590 _aBATCH-UPD
_b10
_c20130410
_lUCH01
_h0950
590 _aBATCH-UPD
_b10
_c20130914
_lUCH01
_h1622
590 _aCONVERSION
_b10
_c20130109
_lUCH01
_h1321
650 1 4 _aHormonas vegetales.
650 1 4 _aVid
_xPropagación.
_9119135
901 _aBK
942 _cREIMP
949 _aR-1201
_bBC
_cR
_d-99396
_eTS1
_i43365
_si
999 _c38273
_d38273